Sports Quiz

Random Sports or NFL Quiz

NFL Starting QBs (New Orleans Saints) Quiz Stats

 Plays Quiz Updated Jan 3, 2019

Challenge
Share
Tweet
Embed
Score 0/10 Timer 04:00
10 Plays Today
Starts Player % Correct
205Drew Brees
99.8%
82Aaron Brooks
68.6%
1Teddy Bridgewater
58.4%
1Luke McCown
47.9%
1Mark Brunell
23%
2Jake Delhomme
21.5%
11Jeff Blake
19.3%
7Billy Joe Tolliver
17.2%
7Billy Joe Hobert
13.3%
3Todd Bouman
10.4%

You're not logged in!

Compare scores with friends on all Sporcle quizzes.
OR
Log In

You Might Also Like...

Show Comments

Extras

Top Quizzes Today


Score Distribution

Your Account Isn't Verified!

In order to create a playlist on Sporcle, you need to verify the email address you used during registration. Go to your Sporcle Settings to finish the process.

Report this User

Report this user for behavior that violates our Community Guidelines.

Details: